000 04622nam0a2200409 4500
001 RU\NLR\BIBL_A\012888073
005 20221128143220.0
010 _a978-5-6048378-0-1
_9300
021 _aRU
_bКН-П-22-048818
_9КН-П-22-4230
035 _a(NLR Aleph) 012888073
035 _a(RuMoRGB)011155863
090 _a12541982
_c12541982
100 _a20220914d2022 m y0rusy50 ca
101 0 _arus
102 _aRU
105 _aa j 000zy
181 0 _ai
_baxxe
182 0 _an
200 1 _aОрганизация контроля качества медицинской помощи населению в рамках программы обязательного медицинского страхования
_eучебное пособие для студентов медицинских вузов лечебного, педиатрического и стоматологического факультета, ординаторов, аспирантов, врачей, обучающихся по программам дополнительного профессионального образования
_fМ. А. Позднякова, О. Е. Коновалов, С. В. Жуков [и др.]
_gФБНУ "Нижегородский научно-исследовательский институт гигиены и профпатологии" Федеральной службы по надзору в сфере защиты прав потребителей и благополучия человека [и др.]
203 _aТекст
_bвизуальный
_cнепосредственный
210 _aТверь
_cАссоциация молодых ученых Тверской области
_d2022
215 _a100 с.
_cил.
_d21
300 _aАвт. указаны на обороте тит. с.
320 _aБиблиогр.: с. 98-99
330 _aУчебное пособие рекомендовано к использованию в учебном процессе Методической комиссией Центра дополнительного профессионального медицинского образования ФБУН "Нижегородский научно-исследовательский институт гигиены и профпатологии" Роспотребнадзора, протокол от 15 июня 2022г. " 3, председатель - доктор медицинских наук, профессор Позднякова Марина Александровна, секретарь - кандидат медицинских наук, доцент Семисынов Сергей Олегович. В учебном пособии изложены современные данные по вопросам контроля качества оказания медицинской помощи, в части организации и проведения контроля объемов, сроков, качества и условий предоставления медицинской помощи по обязательному медицинскому страхованию. Учебное пособие предназначено для студентов медицинских вузов лечебного, педиатрического и стоматологического факультетов, ординаторов, аспирантов, врачей, обучающихся по программам дополнительного профессионального образования
606 1 _aМедицинская помощь
_xОрганизация в условиях страховой медицины
_xКачество
_xЭкспертиза
_jУчебные издания для последипломного образования
_2nlr_sh1
_2nlr_sh2
_3RU\NLR\AUTH\661439970
675 _a614.29(075.8)
_v4
686 1 _aР11(2)2я77
701 1 _aКоновалов
_bО. Е.
_cд-р мед. наук
_f1959-
_gОлег Евгеньевич
_3RU\NLR\AUTH\770145960
701 1 _aЖуков
_bС. В.
_cд-р мед. наук
_f1975-
_gСергей Владимирович
_3RU\NLR\AUTH\770215025
701 1 _aПозднякова
_bМ. А.
_f1965-
_gМарина Александровна
_3RU\NLR\AUTH\7728935
712 0 2 _aНижегородский НИИ гигиены и профпатологии
_3RU\NLR\AUTH\8810240721
_4570
942 _cBOOK
980 _aNB